| 000 | 00613aam a2200241 4500 | ||
|---|---|---|---|
| 005 | 20260114113712.0 | ||
| 008 | 150902b2009 xxu||||| |||| 00| 0 spa d | ||
| 020 | _a9786074552683 | ||
| 041 | _aESP | ||
| 082 | _a363.739.2 R621c | ||
| 100 |
_aRivera Ávila, Miguel Ángel _920807 |
||
| 245 | _aEl cambio climatico | ||
| 260 | _aMéxico | ||
| 260 | _bTercer Milenio | ||
| 260 | _c2009 | ||
| 300 | _a63 páginas | ||
| 490 | _aTurismo | ||
| 650 | _aCAMBIO CLIMÁTICO | ||
| 650 | _aCONTAMINACIÓN DEL AIRE | ||
| 650 | _aCONSECUENCIAS | ||
| 650 | _aALTERNATIVAS ANTE CAMBIO CLIMÁTICO | ||
| 942 |
_cBK _2ddc |
||
| 999 |
_c772 _d772 |
||